Responses for Show #8757 - Tuesday, December 6, 2022

Cris Pannullo game 22.

Contestants

[<< previous game]

Meghan Mello, an athletic trainer from North Smithfield, Rhode Island

Andy Tirrell, a political science and international relations professor from San Diego, California

Cris Pannullo, a customer success operations manager from Ocean City, New Jersey (whose 21-day cash winnings total $748,286)

[next game >>]

Jeopardy! Round responses

THE SURPRISINGLY SUCCESSFUL LEAGUE OF NATIONS
KIDS' BOOK TITLES IN LATIN
WOULDN'T IT BE RUBBERY
RADIO, RADIO
AN "ARM"
A LEGO
    $200 30
POWs

Cris
    $200 21
Harry Potter and the Chamber of Secrets

Andy
    $200 25
a rubber duckie

Cris
    $200 29
citizens band

Cris
    $200 19
marmalade

Cris
    $200 26
(Meghan: What is a block?)

the brick

Meghan
Triple Stumper
    $400 28
tetanus

Cris
    $400 12
Diary of a Wimpy Kid

Cris
    $400 24
Rubbermaid

Meghan
    $400 27
the BBC

Cris
    $400 18
Prince Charming

Meghan
    $400 11
a pirate

Cris
    $600 17
Geneva

Meghan
    $600 7
The Tale of Peter Rabbit

Triple Stumper
    $600 16
the Olmec

Andy
    $600 13
advertising

Triple Stumper
    $600 15
pharmacology

Meghan
    $600 22
Chris Pratt

Meghan
    $1,000 1
Greece

Cris
    $800 8
Green Eggs and Ham

Meghan
    $800 10
latex

Cris
    $800 20
Luxembourg

Cris
    $800 9
(Andy: What is karma?)

dharma

CrisAndy
    $800 23
Legoland

Cris
    $1000 6
Sweden

Andy
    $1000 4
(Andy: What is... The King?)

The Little Prince

Andy
Triple Stumper
    $1000 14
vulcanization

Meghan
    $1000 5
(Andy: What is the BBC World Service?)
(Cris: Public Radio International?)

Voice of America

CrisAndy
Triple Stumper
    $1000 2
a gendarme

Cris
    $1000 3
(Ken: Yes, they built a model of [*] onboard [**].)

the ISS (the International Space Station)

Cris

Scores at the first commercial break (after clue 15):

Cris Andy Meghan
$4,400 -$1,800 $2,400

Scores at the end of the Jeopardy! Round:

Cris Andy Meghan
$7,600 -$1,000 $4,200

Double Jeopardy! Round responses

WORLD GEOGRAPHY
BIG BOOK ROYALTY
ANIMALS
BLOOD, SWEAT & TEARS
THEIR TOP 40 DEBUT ALBUM
7-LETTER "W"ORDS
    $400 30
Helsinki

Cris
    $400 29
the Queen of Hearts

Cris
    $400 28
the aardvark

Andy
    $400 6
Churchill

Cris
    $400 27
Eminem

Meghan
    $400 18
wrinkle

Cris
    $800 4
Sugarloaf

Cris
    $800 16
Czar Nicholas II

Andy
    $800 15
a kiwi

Cris
    $800 26
O negative

Cris
    $800 23
No Doubt

Cris
    $3,700 17
(Ken: "[*] of the world, unite", yes.)

workers

Andy
    $1200 1
Japan

Andy
    $1200 13
Lady Jane Grey

Andy
    $1200 11
a beluga whale

Triple Stumper
    $1200 24
Keith Sweat

Andy
    $1200 25
Guns N' Roses

Andy
    $1200 9
wrangle

Andy
    $1600 2
the Isle of Man

Cris
    $1600 5
Nero

Meghan
    $1600 12
(Andy: What is a boa constrictor?)

a (Burmese) python

CrisAndy
    $6,600 7
(Cris: What is... iron?)
...
(Ken: [*], of course, is in blood, sweat and tears.)

sodium

Cris
    $1600 22
(Missy) Elliott

Cris
    $1600 8
a walleye

Andy
    $2000 3
Djibouti & Yemen

Andy
    $2000 14
A Connecticut Yankee in King Arthur's Court

Andy
    $2000 19
(Meghan: What is llama?)
(Andy: What is a guanaco?)

the vicuna

CrisAndyMeghan
    $2000 20
Alfred, Lord Tennyson

Triple Stumper
    $2000 21
Sam Smith

Triple Stumper
    $2000 10
(Ken: Andy's time in the far north did not help him remember [*], the feared [*].)

the wendigo

Triple Stumper

Scores at the end of the Double Jeopardy! Round:

Cris Andy Meghan
$12,600 $11,900 $4,200

[wagering suggestions for these scores]

Final Jeopardy! Round responses

PLAYS
(Ken: The play's the thing.)
(Ken: [To Meghan] What is I had fun to...)
(Meghan: Today.)
[Laughter]
(Ken: You can keep writing; it's like a little diary entry for you. I'm glad you had fun.)
...
(Ken: Close game between our champ Cris Pannullo and Andy Tirrell--8 lead changes in Double Jeopardy! alone.)
...
(Ken: [To Andy] Yes, an exiled ruler with magical powers may have inspired Shakespeare.)
...
[Cris turns toward Andy and applauds followed by a congratulatory fist bump]
MeghanWhat is I had fun to
$0
AndyWhat is The Tempest
$3,499
CrisWhat is The little mermaid
$11,201
The Tempest

Final scores:

Cris Andy Meghan
$1,399 $15,399 $4,200
3rd place: $1,000 New champion: $15,399 2nd place: $2,000

Game dynamics:

Coryat scores:

Cris Andy Meghan
$19,000 $9,000 $4,200
27 R
(including 1 DD),
2 W
(including 1 DD)
14 R
(including 1 DD),
5 W
9 R,
2 W

Combined Coryat: $32,200

[game clues] [game scores] [suggest correction]

Game tape date: 2022-10-12
The J! Archive is created by fans, for fans. Scraping, republication, monetization, and malicious use prohibited; this site may use cookies and collect identifying information. See terms. The Jeopardy! game show and all elements thereof, including but not limited to copyright and trademark thereto, are the property of Jeopardy Productions, Inc. and are protected under law. This website is not affiliated with, sponsored by, or operated by Jeopardy Productions, Inc. Join the discussion at JBoard.tv.